000 00537cam a2200145 4500500
005 20260208003717.0
041 _afre
042 _adc
100 1 0 _aVidart, Thomas
_eauthor
245 0 0 _aJoachim Lacrosse, La philosophie de Plotin. Intellect et discursivité, Paris, PUF, 2003, 276 p.
260 _c2005.
500 _a3
786 0 _nLes Études philosophiques | 72 | 1 | 2005-03-01 | p. 117r-142r | 0014-2166
856 4 1 _uhttps://shs.cairn.info/revue-les-etudes-philosophiques-2005-1-page-117r?lang=fr&redirect-ssocas=7080
999 _c1648604
_d1648604